000 00406nam a2200169Ia 4500
008 230524s9999 xx 000 0 und d
020 _a0706987454
082 _a658.401
_bKOT
100 _aC.R.Kothari
245 0 _aQuantitative Techniques
250 _a3rd Rev ed.
260 _aNEW DELHI
_bVikas
_c2010
300 _aXV;596
500 _aQuantity Number: 10
650 _aManagement
942 _cBK
999 _c48444
_d48444